Θέσεις της ελληνικής βιομηχανίας : επιλογή άρθρων και σημειωμάτων από το δελτίον του ΣΕΒ

Αποθηκεύτηκε σε:
Λεπτομέρειες βιβλιογραφικής εγγραφής
Κύριος συγγραφέας: Μπάρδας, Αλέξανδρος
Συγγραφή απο Οργανισμό/Αρχή: Σύνδεσμος Ελλήνων Βιομηχάνων
Μορφή: Βιβλίο
Γλώσσα:Greek
Δημοσίευση: Αθήνα : Σύνδεσμος Ελλήνων Βιομηχάνων, 1968.
Θέματα:
Ετικέτες: Προσθήκη ετικέτας
Δεν υπάρχουν, Καταχωρήστε ετικέτα πρώτοι!

MARC

LEADER 00000cam a2200000 i 4500
001 1/12576
008 971021s1968 gr | ||| |||| ||gre||
035 |1 ΠΑΡ  |a 1997  |l 10018681 
040 |a GR-MyUa  |b gre  |e AACR2 
041 0 |a gre 
082 7 |a 338.09495   |2 (22) 
100 1 |a Μπάρδας, Αλέξανδρος. 
245 1 0 |a Θέσεις της ελληνικής βιομηχανίας :   |b επιλογή άρθρων και σημειωμάτων από το δελτίον του ΣΕΒ /   |c Αλέξανδρος Μπάρδας. 
260 |a Αθήνα :   |b Σύνδεσμος Ελλήνων Βιομηχάνων,   |c 1968. 
300 |a 427 σ. 
650 0 |a Industries  |z Greece. 
650 0 |a Industrial management  |z Greece. 
710 2 |a Σύνδεσμος Ελλήνων Βιομηχάνων. 
852 |a INST  |b LESVOS  |e 19971021  |h 338.09495 ΜΠΑ  |p 005100015512  |q 005100015512  |t BK  |y 0 
922 |a 1ΔΩΡ  |b 199709  |c ΤΚΑ